U.S. Census Bureau cartographic products : product samples.

Bibliographic Details
Corporate Author: United States. Bureau of the Census
Format: Government Document Software eBook
Language:English
Published: [Washington, D.C.] : U.S. Census Bureau, U.S. Dept. of Commerce, Economics and Statistics Administration, [2004]
Subjects:

MARC

Tag First Indicator Second Indicator Subfields
LEADER 00000cmm a2200000Ia 4500
001 in00002020239
005 20151031171305.0
007 co cz|||||||||
008 050113s2004 dcu m f eng d
035 |a (OCoLC)ocm57545224 
040 |a IPL  |c IPL  |d OCLCQ  |d GPO  |d MvI  |d UtOrBLW 
043 |a n-us--- 
049 |a UDOC 
050 4 |a HA201 2000  |b .U53 2004 compu/d 
074 |a 0154-B-01 
086 0 |a C 3.275:C 24/CD 
245 0 0 |a U.S. Census Bureau cartographic products :  |b product samples. 
246 3 |a United States Census Bureau cartographic products :  |b product samples 
264 1 |a [Washington, D.C.] :  |b U.S. Census Bureau, U.S. Dept. of Commerce, Economics and Statistics Administration,  |c [2004] 
300 |a 1 CD-ROM :  |b color ;  |c 3 1/8 in. 
336 |a computer program  |b cop  |2 rdacontent 
337 |a computer  |b c  |2 rdamedia 
338 |a computer disc  |b cd  |2 rdacarrier 
500 |a Shipping List Date: 01/04/2005 
538 |a System requirements: PC with CD-ROM drive. 
500 |a Title from disc label. 
500 |a "A representative sample of maps and generalized cartographic boundary files produced by the United States Census Bureau." 
500 |a "Issued June 2004." 
500 |a Shipping list number: 2005-0006-E. 
500 |a "C1-T00-SAMP-14-US1." 
500 |a Electronic resource. 
650 0 |a Census districts  |z United States  |v Maps. 
651 0 |a United States  |v Census, 2000  |v Maps. 
710 1 |a United States.  |b Bureau of the Census. 
999 |a MARS 
999 f f |s d9ed0dad-2ce1-3a9d-bf89-f9f7dce7a1c6  |i be69f8b5-81bb-3ed9-9078-55ec414f8727  |t 0 
952 f f |p normal  |a Texas A&M University  |b College Station  |c Sterling C. Evans Library  |d Evans: US Documents CD-ROMs (Annex 5th floor)  |t 0  |e C 3.275:C 24/CD  |h Superintendent of Documents classification  |i computer -- computer disc  |m A14832416373 
998 f f |a C 3.275:C 24/CD  |t 0  |l Evans: US Documents CD-ROMs (Annex 5th floor)